Třetí skoba pro kocoura

Bibliographic Details
Main Author: Dolnák, Miro (Author)
Format: Article
Language:Slovak
PhysicalDescription:Obr. 2.
Subjects:

MARC

LEADER 00000nab a2200000 a 4500
001 vtls000188222
003 SK-MaSNL
005 20260304062300.0
008 250422c1984 xo 0 slo
015 |a SNBRB19rr/mm-uuuuu 
035 |a CL0198335 
035 |a urn:nbn:sk:snk-abf6wf 
035 |a (urnnbn)urn:nbn:sk:snk:ar-001osp 
035 |a (uuid)52085b77-9af9-4fd3-aadd-c5f75b254042 
040 |a SNKBUCL  |b slo  |c SNKBUCL  |e AACR2 
041 0 |a slo 
044 |a xo  |c SK 
080 |a 791.43(437.1/.2)  |2 1981 
100 1 |a Dolnák, Miro  |4 aut  |9 902127 
245 1 0 |a Třetí skoba pro kocoura  |c Miro Dolnák ; Radim Cvrček 
300 |b Obr. 2. 
500 |a /Réžia Radim Cvrček/. 
650 0 7 |a Třetí skoba pro kocoura (film český)  |2 snkbucl  |9 1347474 
655 7 |a články z novín a časopisov  |2 snkbucl  |9 267496 
773 0 |t Film a divadlo  |g Roč. 28, č. 15 (1984), s. 22 
850 |a Slovenská národná knižnica 
852 |a Slovenská národná knižnica 
954 |a odborná, vedecká literatúra pôvodná (slovenská)  |2 lita 
958 |a article23 
958 |a OND 
958 |a RK 
958 |a CZ 
958 |a EUIPO 
992 |a RBX 
999 |c 2737321  |d 2739251